000
00276 a2200133 4500
001
177546
020
_a
84-305-8507-9
040
_c
Magnum
240
1
0
_a
Blancanieves
_l
ESP
245
1
0
_a
Blancanieves
300
_a
16
697
_a
LITERATURA INFANTIL ESPANHOLA
942
_c
BK
999
_c
177546
_d
177546